| 000 | 01368nam a2200397 a 4500 | ||
|---|---|---|---|
| 003 | CO-CtgCURN | ||
| 005 | 20260408161836.0 | ||
| 007 | ta | ||
| 008 | 160216s2014 000 0 eng d | ||
| 015 | _ack-2015-xxxx | ||
| 020 | _a9786077743934 | ||
| 040 |
_aCO-CtgCURN _bspa _ccoctgcurn |
||
| 082 | 0 | 4 |
_a616.079 _bR741 _223 |
| 245 | 0 | 0 |
_aRoitt. Inmunología : _bFundamentos / _cPeter J. Delves ... [et al.] ; traductor, Silvia Rondinone. |
| 250 | _a12a. ed. | ||
| 260 |
_aMéxico : _bMédica Panamericana, _c2014. |
||
| 300 |
_axiii, 542 p. : _bil., fot., grafico col. |
||
| 336 | _2rdacontent | ||
| 337 |
_2rdamedia _asin mediacion _bn |
||
| 338 |
_2rdacarrier _avolumen _bnc |
||
| 504 | _aIncluye referencias bibliograficas al final de cada capitulo. | ||
| 505 | 8 | _aBases de inmunología -- Inmunología aplicada | |
| 590 | _aInmunología (Bacteriología) | ||
| 650 | 1 | 4 | _aInmunología. |
| 650 | 1 | 4 | _aInmunidad. |
| 650 | 1 | 4 | _aSistema inmunológico. |
| 650 | 1 | 4 | _aAlergia e inmunología. |
| 650 | 1 | 4 | _aEnfermedades del sistema inmunológico. |
| 700 | 1 | _aDelves, Peter J. | |
| 700 | 1 | _aMartin, Seamus J. | |
| 700 | 1 | _aBurton, Dennis R. | |
| 700 | 1 | _aRoitt, Ivan M. V., traductor. | |
| 700 | 1 |
_aRondinone, Silvia, _eTraductor. _4comp |
|
| 942 |
_cBK _h616.079 _iR741 _2ddc |
||
| 999 |
_c22767 _d22767 |
||